Score 0/32 Timer 03:00
3 Plays Today
Hint 4-Letter Word % Correct
Animal with a mane🦁 LION 🦁
96.8%
Organ of smellNOSE
90.1%
Win or draw alternative?LOSE
82.4%
Simba's uncle• SCAR •
81%
Phone's toneRING
77.6%
Simba's home, Pride ___• ROCK •
77.2%
Make thoroughly wetSOAK
76.4%
Skating surfaceRINK
76.4%
Glide above the cloudsSOAR
76.1%
Crazy bird?LOON
75.7%
Mufasa or Simba, e.g.🦁 KING 🦁
74.5%
Pillager's haulLOOT
73.8%
Confusing J.J. Abrams showLOST
73.5%
Simba's betrothed• NALA •
73.5%
Type of dunkSLAM
72.6%
'Jessie's Girl' singer SpringfieldRICK
72.5%
Hint 4-Letter Word % Correct
Type of puppetSOCK
70.9%
Take suddenlyGRAB
68.9%
Hold tightlyGRIP
68.7%
Crooked schemeSCAM
68.3%
0.035 ouncesGRAM
67.8%
Leak one bit at a timeDRIP
67.6%
Type of rock typical of BowieGLAM
64.2%
Slimy utamu Simba eats• GRUB •
61.8%
Cogburn's is 'True'GRIT
58.7%
Manner of walkingGAIT
56.6%
'The Big Easy', for shortNOLA
55.6%
BallGALA
53.4%
Novak Djokovic's nicknameNOLE
53.3%
'Atlas Shrugged' hero JohnGALT
46.7%
Beat decisivelyDRUB
40.4%
Very small amountDRIB
39.2%

Today's Daily Dose

Remove Ads.
Support Sporcle.
Get the best of Sporcle when you Go Orange. This ad-free experience offers more features, more stats, and more fun while also helping to support Sporcle. Thank you for becoming a member.

You're not logged in!

Compare scores with friends on all Sporcle quizzes.
OR
Log In

Show Comments

Extras

Top Quizzes Today


Score Distribution

Your Account Isn't Verified!

In order to create a playlist on Sporcle, you need to verify the email address you used during registration. Go to your Sporcle Settings to finish the process.

Report this User

Report this user for behavior that violates our Community Guidelines.

Details: